Hóa học 11

Sparad:
Bibliografiska uppgifter
Huvudupphovsman: Nguyễn, Xuân Trường
Materialtyp: Bok
Språk:Undetermined
Publicerad: Hà Nội Giáo dục 2010
Ämnen:
Taggar: Lägg till en tagg
Inga taggar, Lägg till första taggen!
Thư viện lưu trữ: Trung tâm Học liệu Trường Đại học Cần Thơ
LEADER 00592nam a2200205Ia 4500
001 CTU_182676
008 210402s9999 xx 000 0 und d
020 |c 11000 
082 |a 540.712 
082 |b Tr561 
100 |a Nguyễn, Xuân Trường 
245 0 |a Hóa học 11 
245 0 |c Nguyễn Xuân Trường Tổng chủ biên ... [et al.] 
260 |a Hà Nội 
260 |b Giáo dục 
260 |c 2010 
650 |a Chemistry 
650 |x Study and teaching (Secondary) 
904 |i Tuyến 
980 |a Trung tâm Học liệu Trường Đại học Cần Thơ